000 00320nam a22001217a 4500
008 160426b xxu||||| |||| 00| 0 eng d
020 _a9780135075944
020 _a0135075947
041 _aeng
080 _a618.2
245 _aMedical surgical nursing:
_cPriscillla LeMone; Karen Burke;Gerene Bauldoff;
942 _2udc
_cBK
999 _c1584
_d1584